| 000 | 01073nam a22003497a 4500 | ||
|---|---|---|---|
| 001 | 0039423 | ||
| 003 | KOHA_MİRAKIL | ||
| 005 | 20260207003130.0 | ||
| 007 | ta | ||
| 008 | 130212b2002 tu a|||gr||||#||||0|tur | | ||
| 020 | _a9751930009X | ||
| 040 |
_aTR-BiSEU _btur _cTR-BiSEU _erda |
||
| 041 | 0 | _atur | |
| 044 | _ctu | ||
| 050 |
_aHJ1302.5 _b.S29 2002 |
||
| 100 | 1 | _aSaygılı, Mehmet Kağan. | |
| 245 | 1 |
_aTürkiye'de kamu fonu uygulaması/ _cMehmet Kağan Saygılı ; Mehmet Kağan Saygılı.. |
|
| 264 | 1 |
_aAnkara : _bDPT _c2002 |
|
| 300 |
_av, 197 sayfa : _btbl. ; _c24 cm. |
||
| 336 |
_ametin _btxt _2rdacontent |
||
| 337 |
_aaracısız _bn _2rdamedia |
||
| 338 |
_acilt _bnc _2rdacarrier |
||
| 490 | 1 |
_aDevlet Planlama Teşkilatı ; _v2631 |
|
| 500 | _aKaynakça var. | ||
| 650 | 0 |
_aTurkey--Economic policy. _92265 |
|
| 650 | 0 |
_aFunds. _973343 |
|
| 650 | 0 |
_aTürkiye--Ekonomik politika. _98443 |
|
| 650 | 0 |
_aFonlar. _973344 |
|
| 650 | 0 |
_aFinans, kamu--Türkiye. _925899 |
|
| 830 | 1 |
_aDevlet Planlama Teşkilatı ; _v2631 _916113 |
|
| 942 |
_2lcc _cBK |
||
| 999 |
_c39301 _d39301 |
||